On This Day: August 10th Quiz Stats

 Plays Quiz Updated Sep 20, 2018

Challenge
Share
Tweet
Embed
Score 0/7 Timer 03:00
4 Plays Today
Question Answer Wrong Answers
This museum, now the world's largest, is officially opened in Paris, France.
1793
Musée du Louvre
96.6%
Musée d'Orsay
2.1%
Rijksmuseum
0.6%
Galleria degli Uffizi
0.6%
President Ronald Reagan signs the Civil Liberties Act of 1988, which provides $20,000 payments to ______ Americans who were either interned or relocated by the US during World War II.
1988
Japanese
87.6%
German
5.6%
French
1.6%
Russian
1.3%
This herbicide and defoliant chemical, later known for causing serious health issues in those exposed to it, is used during the Vietnam War for the first time.
1961
Agent Orange
75.3%
Napalm
16.1%
Anthrax
4.2%
Glyphosate
0.9%
This city, now the capital of Ecuador, declares independence from Spain. This sparks a series of conflicts that will span more than a dozen years.
1809
Quito
73.9%
Bogotá
7.8%
La Paz
12.8%
Cusco
4%
Representatives of Sultan Mehmed VI sign the Treaty of Sèvres, which divides up the ______ Empire between the Allies of World War I.
1920
Ottoman
73.9%
German
4.5%
Italian
1.1%
Austro-Hungarian
17.4%
In Yonkers, New York, 24-year-old postal employee David Berkowitz, also known by this nickname, is arrested for a series of killings in the New York City area over the period of one year.
1977
Son of Sam
73.5%
Green River Killer
4.3%
Zodiac Killer
13.9%
BTK Killer
4.6%
This American engineer and politician, the 31st President of the United States, is born.
1874
Herbert Hoover
53.2%
Warren Harding
10.9%
Woodrow Wilson
17.7%
Theodore Roosevelt
16%

Today's Daily Dose

You're not logged in!

Compare scores with friends on all Sporcle quizzes.
OR
Log In

You Might Also Like...

Show Comments

Extras

Top Quizzes Today


Score Distribution

Your Account Isn't Verified!

In order to create a playlist on Sporcle, you need to verify the email address you used during registration. Go to your Sporcle Settings to finish the process.

Report this User

Report this user for behavior that violates our Community Guidelines.

Details: